00371nam a22001217a 4500082001600000100001500016245008000031250000800111260005700119300002800176526003700204650000800241 a526.99bLOW aR.P Loweth aManual of offshore surveying for Geoscientisits and Engineersc Loweth, R.P a1st aLondanbUK at the univeristy press, Cambridgec1997 ap428. :bill. ;c15 cm. a0b0c0d526_990000000000000_LOW aMCE